00762nab a2200241 uc450000100070000000500170000700800410002403500110006503500210007604000130009704100080011010000310011824500250014965000250017465000300019965000220022965000200025165000120027165000300028365000290031365000190034277301590036178683220240528090013.0021121e19421001 spa  a786832 a(OCoLC)819999459 ccomduadb aspa10aGalindo, Alberto4auteaut13aEl control economico aMedios de transporte aOrganización industrial aControl economico 7aImportaciones2 aDebates aIntervención política 7aControl de precios2lemb aEspeculación0 tTemas del Presente y Futuro Económicos (Medellín)gTemas (Medellin) Vol. 03, Nos. 15-20, Jul.-Dic. 1942, No. 18, Oct. 1942, p. 753-755w6653240200998